Top 30 : Katy Perry - Statistiques

Statistiques générales
  • Ce quiz a été pris 112 fois
  • Le résultat moyen est 16 sur 30
Statistiques - réponses
Top Titres Featuring % Correct
3 Roar
96%
9 I Kissed A Girl
86%
1 Dark Horse Juicy J
84%
4 Firework
83%
8 California Gurls Snoop Dogg
81%
2 Last Friday Night (T.G.I.F.)
78%
17 E.T.
73%
22 E.T. Kanye West
73%
10 Teenage Dream
72%
19 Bon Appétit Migos
71%
7 Hot N Cold
70%
5 Feels Calvin Harris, Pharrell Williams, Big Sean, Funk Wav
57%
13 Part Of Me
57%
18 Swish Swish Nicki Minaj
54%
6 The One That Got Away
53%
20 The One That Got Away - Acoustic
52%
16 Chained To The Rhythm Skip Marley
51%
15 Wide Awake
44%
11 Unconditionally
39%
26 If We Ever Meet Again Timbaland
36%
25 Birthday
34%
24 365 Zedd
33%
14 Harleys In Hawaii
33%
29 Con Calma - Remix Daddy Yankee, Snow
31%
23 This Is How We Do
31%
12 Never Really Over
27%
27 Daisies
24%
30 Rise
24%
21 When I'm Gone Alesso
21%
28 Who You Love John Mayer
18%
Aucun quiz correspondant
Distribution des résultats
% des personnes avec chaque résultat
Percentile par nombre de réponses
Votre historique - résultats
Vous n’avez pas pris ce quiz